| 000 | 00479nam a22001697a 4500 | ||
|---|---|---|---|
| 003 | SGT | ||
| 020 | _a9789390619214 | ||
| 082 |
_a610.73 _bH22R |
||
| 100 | _aRANDHIR, PRIYANKA | ||
| 245 | _aTB. OF HEALTH NURSING INFORMATICS & TECHNOLOGY FOR BSC. NURSING STUDENTS | ||
| 250 | _a2ND | ||
| 260 |
_aINDIA _bCBS PUB _c2022 |
||
| 300 | _a371 | ||
| 650 | _aNURSING BOOKS | ||
| 653 | _a HEALTH NURSING INFORMATICS & TECHNOLOGY FOR BSC. NURSING STUDENTS | ||
| 942 |
_2ddc _cBK _0109 |
||
| 999 |
_c24913 _d24913 |
||